A study to assess the risk factors and the outcomes of Gallbladder Perforation in Laparoscopic Cholecystectomy (Record no. 26516)

MARC details
000 -LEADER
fixed length control field 00395nam a22001457a 4500
003 - CONTROL NUMBER IDENTIFIER
control field SGT
082 ## - DEWEY DECIMAL CLASSIFICATION NUMBER
Classification number 617
Item number S22C
100 ## - MAIN ENTRY--PERSONAL NAME
Personal name CHANDRAKAR, SAURABH
245 ## - TITLE STATEMENT
Title A study to assess the risk factors and the outcomes of Gallbladder Perforation in Laparoscopic Cholecystectomy
260 ## - PUBLICATION, DISTRIBUTION, ETC. (IMPRINT)
Place of publication, distribution, etc GURUGRAM
Name of publisher, distributor, etc SGT UNIVERSITY
Year of Publication 2022
300 ## - PAGE DESCRIPTION
No. of Pages 114
650 ## - SUBJECT ADDED ENTRY--TOPICAL TERM
Topical term or geographic name as entry element SURGERY
653 ## - KEYWORDS--INDEX TERM
Keyword term M.S
942 ## - ADDED ENTRY ELEMENTS (KOHA)
Source of classification or shelving scheme Dewey Decimal Classification
Koha item type Thesis/Dissertation
Holdings
Withdrawn status Lost status Source of classification or shelving scheme Damaged status Use restrictions Not for loan Collection code Home library Current library Shelving location Date acquired Total Checkouts Full call number Accession No. (Barcode) Date last seen Bill Date Koha item type
    Dewey Decimal Classification   Restricted Access Not For Loan MEDICAL SGT Medical Library SGT Medical Library Reference Book 25/06/2024   617 S22C DT1731 25/06/2024 25/06/2024 Thesis/Dissertation
    Dewey Decimal Classification   Restricted Access Not For Loan MEDICAL SGT Medical Library SGT Medical Library Reference Book 25/06/2024   617 S22C DT1732 25/06/2024 25/06/2024 Thesis/Dissertation
    Dewey Decimal Classification   Restricted Access Not For Loan MEDICAL SGT Medical Library SGT Medical Library Reference Book 25/06/2024   617 S22C DT1733 25/06/2024 25/06/2024 Thesis/Dissertation
    Dewey Decimal Classification   Restricted Access Not For Loan MEDICAL SGT Medical Library SGT Medical Library Reference Book 25/06/2024   617 S22C DT1791 25/06/2024 25/06/2024 Thesis/Dissertation